000 00326nam a2200133Ia 4500
008 210312s9999||||xx |||||||||||||| ||und||
041 _aosm
050 _aGR280
050 _bZ9.H35
100 _aFahri, Ziyaeddin
245 0 _aHalk bilgisi toplayıcılara rehber
260 _c1928
650 _aHalkbilim--Türkiye--Rehberler
999 _c22360
_d22360